「む」「さ」「こ」がつく駅名 - Statistics

General Stats
  • This quiz has been taken 590 times
  • The average score is 3 of 5
Answer Stats
駅名 読み % Correct
武蔵小杉 「む」「さ」し「こ」すぎ
97%
武蔵小金井 「む」「さ」し「こ」がねい
83%
武蔵小山 「む」「さ」し「こ」やま
77%
武蔵増戸 「む」「さ」します「こ」
18%
武蔵横手 「む」「さ」しよ「こ」て
8%
No matching quizzes found
Score Distribution
Percent of People with Each Score
Percentile by Number Answered
Your Score History
You have not taken this quiz